Les prouesses - Anastasia (Paroles) - Statistiques

Statistiques générales
  • Ce quiz a été pris 189 fois
  • Le résultat moyen est 311 sur 389
Statistiques - réponses
Paroles % Correct
D&V | Dimitri | Ensemble | Vladimir Tu
98%
tu
98%
à
97%
A
97%
a
97%
de
96%
es
96%
et
95%
| Dimitri | Vladimir Et
95%
je
95%
Anastasia Je
95%
Dimitri | Ensemble | Vladimir Le
95%
le
95%
ne
95%
un
95%
Anastasia | Dimitri Un
95%
ça
94%
Dimitri Ça
94%
ce
94%
pas
94%
D&V Pas
94%
pour
94%
te
94%
dans
93%
me
93%
nous
93%
la
92%
Anastasia Moi
92%
moi
92%
prouesses
92%
Anastasia | Dimitri | Vladimir Si
92%
si
92%
des
91%
Des
91%
Anastasia | Dimitri Une
91%
une
91%
fais
90%
on
90%
Dimitri | Vladimir On
90%
princesse
90%
que
90%
D&V Que
90%
toi
90%
Toi
90%
est
89%
vrai
89%
bien
88%
Vladimir Bien
88%
C'est
88%
c'est
88%
promesses
88%
suis
88%
mes
87%
par
87%
Par
87%
crois
86%
il
86%
tiens
86%
tout
86%
cheval
85%
Anastasia | Dimitri Était
85%
Palais
85%
palais
85%
peu
85%
sûr
85%
sur
85%
t'en
85%
comme
84%
Dimitri Comme
84%
d'ici
84%
près
84%
Vladimir Ton
84%
feras
83%
rêve
83%
ans
82%
compté
82%
demi
82%
très
82%
trois
82%
blanc
81%
chat
81%
dit
81%
lui
81%
née
81%
oublié
81%
passé
81%
son
81%
temps
81%
en
80%
Dimitri J'en
80%
D&V | Vladimir Mais
80%
montais
80%
as
79%
d'imaginer
79%
Dimitri Essaie
79%
les
79%
ressemble
79%
tient
79%
vois
79%
apprendre
78%
Vladimir Elle
78%
jamais
78%
droite
77%
Quand
77%
tes
77%
trop
77%
faire
76%
flotte
76%
inouï
76%
l'eau
76%
parlé
76%
pourtant
76%
ses
76%
D&V Du
75%
idiote
75%
sens
75%
t'amusais
75%
Anastasia Alors
74%
l'as
74%
mis
74%
y
74%
Est-ce
73%
Hélas
73%
terrifier
73%
faut
72%
baise-main
71%
miens
71%
Romanov
71%
sans
71%
sortiras
71%
faisais
70%
Vladimir Mets
70%
prend
70%
Anastasia Après
69%
Anastasia | Vladimir Bon
69%
cuistot
69%
danse
69%
dois
69%
ferai
69%
grondait
69%
marche
69%
oncle
69%
petit
69%
plus
69%
qu'il
69%
révérence
68%
veux
68%
altesse
67%
Altesse
67%
cesse
67%
être
67%
facile
67%
goût
67%
avant
66%
cuit
66%
flottes
66%
Dimitri Répète
66%
savoir
66%
puis
65%
surtout
65%
tiens-toi
65%
J'y
64%
nos
64%
vraie
64%
bonsoir
63%
prête
63%
reprend
63%
vodka
63%
Anya
62%
gras
62%
monde
62%
tenons
62%
différente
61%
n'attends
61%
Vladimir Dis-toi
60%
aime
59%
dessert
59%
devenu
59%
rappelles
59%
vous
59%
chocolat
58%
l'aristocratie
58%
Anastasia Non
58%
prends
57%
aussi
56%
vos
56%
Dimitri aimait
55%
pourras
55%
tenez
55%
Duchesse
54%
membres
54%
Ensemble Voilà
54%
Vladimir Comment
53%
exemple
53%
seras
53%
Anastasia Avait
52%
cher
49%
nom
49%
caviar
48%
Strogonov
48%
comte
46%
Anastasia D'accord
46%
notre
45%
coudes
44%
fais-tu
44%
goûte
44%
Vladimir Gros
44%
rentre
43%
fort
42%
samovar
39%
baron
38%
apprends
37%
Vanya
36%
bouton
32%
Vladimir Hémoglobine
31%
yacht
31%
Sergei
20%
Dimitri Tua
19%
Kropotkin
14%
Anatolin
9%
Potenkin
9%
Puschkin
6%
Aucun quiz correspondant
Distribution des résultats
% des personnes avec chaque résultat
Percentile par nombre de réponses
Votre historique - résultats
Vous n’avez pas pris ce quiz